| 000 | 00913nab a2200289 4500 | ||
|---|---|---|---|
| 003 | BR-BrBNA | ||
| 005 | 20240926120128.0 | ||
| 008 | 240926b bl.||||| |||| 00| 0 por d | ||
| 040 |
_aBR-BrBNA _bpor |
||
| 072 |
_aQ02 ; E40 ; E71 _b9924 |
||
| 100 | _aOliveira, Antônio | ||
| 245 |
_aSudeste quer exportar cachaça _b"Marvada" |
||
| 500 | _a2 illus. | ||
| 650 | _aCACHAÇA | ||
| 650 | _aBEBIDA ALCOÓLICA | ||
| 650 | _aCANA DE AÇÚCAR | ||
| 650 | _aENGENHO | ||
| 650 | _aALAMBIQUE | ||
| 650 | _aCOOPERATIVA DE PRODUTORES | ||
| 650 | _aVINHOTO | ||
| 650 | _aRESÍDUO INDUSTRIAL | ||
| 650 | _aEXPORTAÇÃO | ||
| 650 | _aTOCANTINS | ||
| 773 | 0 |
_04604 _9317176 _dPalmas - Tocantins Terranova Gráfica e Editora Jornalística Ltda 2005 _o2024-3800 _tCerrado Rural Agronegócios (Brazil) _x1980-2595 _gv. 2(5) p. 32-33; (Dec 2004-Jan 2005) _wBR2024002749 |
|
| 942 | _cANA | ||
| 999 |
_c327840 _d327840 |
||